Statistics for Greek mythology multiple choice

Click here to take the quiz!

General Stats

  • This quiz has been taken 259 times
  • The average score is 9 of 15

Answer Stats

QuestionAnswer% Correct
Whose mother bathed them in the River Styx as an infant, while holding them by the heel?Achilles
88%
Who flew too close to the sun on wings made of feathers and wax?Icarus
87%
Which goddess was obliged to spend part of every year in the underworld because Hades tricked her into eating pomegranate seeds?Persephone
78%
How did Odysseus avoid being drowned by the Sirens?He had his men tie him to the ship's mast and plug their ears with beeswax
76%
Who was the twin half-brother of Castor?Pollux
67%
Who was born by emerging fully grown from Zeus's head?Athena
65%
Why was Arachne transformed into a spider?She pridefully challenged Athena to a weaving contest
64%
Who was Polyphemus?A cyclops that was blinded by Odysseus
64%
Who slew the Minotaur?Theseus
60%
Who was doomed to be chained to a rock for eternity and have an eagle eat their liver every day?Prometheus
58%
Who refused to marry anyone, unless they could beat her in a foot race?Atalanta
55%
Which Titan was the goddess of memory and mother of the Muses?Mnemosyne
54%
Which goddess is a virgin who swore never to marry?Artemis
51%
Which of these is not true of the sorceress Medea?She gained her powers by killing her aunt Circe
39%
Which of these was NOT a child of Zeus?Asclepius
23%

Score Distribution

Percentile by Number Answered

Percent of People with Each Score

Your Score History

You have not taken this quiz